000 00648nam a2200181Ia 4500
008 100920s9999 xx 000 0 und d
082 _b468
_a491.462 थ 73
100 _aप्रभू बबन.
245 _aझोपी गेलेला जागा झाला !.
260 _bमॅजेस्टिक बुक स्टॉल, मुंबई.4.
_c1973
300 _a97
_bसाधी
365 _b6
520 _aनाटक.
630 _aझोपी गेलेला जागा झाला !.
650 _aनाटक.
730 _aझोपी गेलेला जागा झाला !.
942 _cBOOK
999 _c671442
_d671439